| 000 | 00607cam1a220021700 4500 | ||
|---|---|---|---|
| 001 | tmp15723668 | ||
| 003 | UPRA | ||
| 005 | 20190814130910.0 | ||
| 008 | 951012s1973 pk eng u | ||
| 035 | _a(Sirsi) r23967 | ||
| 035 | _a(UPRA)tmp15723668 | ||
| 040 | _cUPRA | ||
| 100 | 1 |
_aIlyas, Muhammad. _6A85986.1 |
|
| 245 | 1 | 0 | _aPrinciples of electrocardiography. |
| 246 | 3 | 0 | _aElectrocardiography |
| 260 |
_aLahore : _bFerozsons, _c1973. |
||
| 504 | _aBibliography: p. [131]-135. | ||
| 650 | 0 |
_aElectrocardiography. _6S5291.1 |
|
| 949 |
_aRC683.5 _wLC _i-23466 _mMEDICAL _tBOOK _lON-SHELF |
||
| 004 | 23967 | ||
| 999 |
_c54689 _d54689 |
||